000 00489nam a22001817a 4500
999 _c6426
_d6426
003 OSt
005 20200120151907.0
008 200120b ||||| |||| 00| 0 eng d
020 _a9780340943267
040 _c040a
082 _a361.06
_bMIL 1999
100 _4Milne,Aileen
245 _aTeach yourself counselling /
_cAileen Milne
260 _aLondon
_bHodder Education
_c1999
300 _axiii,283p;
_bill:
_c15 cm
504 _aIncludes bibliographic references
942 _2ddc
_cO_SHELF